| Tag |
First Indicator |
Second Indicator |
Subfields |
| LEADER |
00000cam a2200000 i 4500 |
| 001 |
in00000067494 |
| 005 |
20151007083730.0 |
| 008 |
790917s1979 paua b 10110 eng |
| 010 |
|
|
|a 78072514
|
| 020 |
|
|
|z 0466800030 :
|c $58.75
|
| 035 |
|
|
|a (OCoLC)05005962
|
| 035 |
|
|
|9 AAF9799AM
|
| 040 |
|
|
|a DLC
|c DLC
|d TXA
|d UtOrBLW
|
| 049 |
|
|
|a TXAM
|c [1191656]
|
| 050 |
0 |
0 |
|a TA409
|b .S883 1977
|
| 082 |
0 |
|
|a 620.1/126
|
| 111 |
2 |
|
|a Symposium on Elastic-Plastic Fracture
|d (1977 :
|c Atlanta)
|
| 245 |
1 |
0 |
|a Elastic-plastic fracture :
|b a symposium /
|c sponsored by ASTM Committee E-24 on Fracture Testing of Metals, American Society for Testing and Materials, Atlanta, Ga., 16-18 Nov. 1977 ; J. D. Landes, J. A. Begley, G. A. Clarke, editors.
|
| 264 |
|
1 |
|a Philadelphia :
|b The Society,
|c [1979]
|
| 264 |
|
4 |
|c ©1979
|
| 300 |
|
|
|a 771 pages :
|b illustrations ;
|c 24 cm.
|
| 336 |
|
|
|a text
|b txt
|2 rdacontent
|
| 337 |
|
|
|a unmediated
|b n
|2 rdamedia
|
| 338 |
|
|
|a volume
|b nc
|2 rdacarrier
|
| 490 |
1 |
|
|a ASTM special technical publication ; 668
|
| 504 |
|
|
|a Includes bibliographical references and index.
|
| 650 |
|
0 |
|a Fracture mechanics
|v Congresses.
|
| 650 |
|
0 |
|a Steel alloys
|x Fracture
|x Congresses.
|
| 700 |
1 |
|
|a Landes, J. D.
|q (John D.)
|
| 700 |
1 |
|
|a Begley, J. A.
|
| 700 |
1 |
|
|a Clarke, G. A.
|q (George A.),
|d 1933-
|
| 710 |
2 |
|
|a American Society for Testing and Materials.
|b Committee E-24 on Fracture Testing of Metals.
|
| 830 |
|
0 |
|a ASTM special technical publication ;
|v 668.
|
| 999 |
|
|
|a MARS
|
| 999 |
f |
f |
|s 8223ac43-e5ac-37d7-b123-fb23e4bdc926
|i 1086d6a7-270d-309a-a7f3-67005a10eee1
|t 0
|
| 952 |
f |
f |
|p ric
|a Texas A&M University
|b Rellis Campus
|c Joint Library Facility
|d Remote Storage
|t 0
|e TA409 .S883 1977
|h Library of Congress classification
|i unmediated -- volume
|m A14805313269
|
| 998 |
f |
f |
|a TA409 .S883 1977
|t 0
|l Remote Storage
|